000 nam a22 a 4500
999 _c1301
_d1301
003 AKMAL
005 20170509093415.0
008 170509s1988 my e 000 0 may d
020 _a9971772450 (Jilid 2)(hbk.)
040 _aAKMAL
082 0 4 _a297.61 IMA
090 _a297.61
_bIMA
100 1 _aGhazali, Imam
_92577
245 1 0 _aIhya' Ulumiddin : mengembangkan ilmu-ilmu agama /
_coleh Imam Ghazali ; terjemahan Prof. TK. H. Ismail Yakub MA - SH
260 _aSingapura :
_bPustaka National Pte Ltd.,
_c1988
300 _a1172p. ;
_c23cm.
500 _aMengandungi petikan al-qura'an
650 1 0 _aReligious life
_xIslam
_9819
650 2 0 _aIslam
_xCustoms and practices
_91330
650 2 0 _aIslam
_xMoral theology and religious experience
_92578
700 1 _aYakup, Ismail,
_cTengku Haji,
_d1903-
_91570
942 _2ddc
_cBOOK